Political Geography: French Colonies - Statistics

General Stats
  • This quiz has been taken 79 times
  • The average score is 46 of 59
Answer Stats
Colonial Territory Notes Present-day Sovereign State % Correct
Afrique-Occidentale française (French West Africa) (1895-1960) Federation of pre-existing colonial territories B Benin (1883-1960)
96%
B Burkina Faso (1896-1960)
92%
M Mali (1883-1960)
92%
N Niger (1890-1960)
90%
Afrique du Nord française (French North Africa) Term of convenience referring to three separately governed territories A Algeria (1830-1962)
89%
Indochine française (French Indochina) (1886-1954) Officially, Indochinese Union (1866-1947) and Indochinese Federation (1947-1954) C Cambodia (1863-1953)
89%
La Grenade (1650-1762, 1779-1783) G Grenada
89%
L Laos (1893-1953)
89%
N Niger
89%
T Tunisia (1881-1956)
89%
V Vietnam (1858-1949)
89%
Côte d’Ivoire (1843-1960) I Ivory Coast
87%
I Ivory Coast (1843-1960)
87%
S Senegal (1677-1960)
87%
T Togo (1918-1960)
87%
Royaume d’Araucanie et de Patagonie (Kingdom of Araucanía and Patagonia) (on and off, 1838-1862) A Argentina
86%
C Chile
86%
French Somaliland (1862-1877) D Djibouti
86%
Dominique (1625-1763, 1778-1783) D Dominica
86%
G Guinea (1891-1958)
86%
M Mali
86%
M Morocco (1912-1956)
86%
Afrique équatoriale française (French Equatorial Africa) (1910-1958) Federation of pre-existing colonial territories C Cameroon (1918-1960 as French Cameroon)
85%
Senegambia and Niger (1902-1904) G Gambia
85%
Guinée française (French Guinea) (1891-1958) G Guinea
85%
M Mauritania (1902-1960)
85%
N Nigeria (1892-1927)
85%
T Thailand (several provinces)
85%
S Senegal
83%
Nouvelle-France (New France) (1534-1763) C Canada
82%
- Chandannagar (1673-1952)- Karikal (1725-1954) - Mahé (1721-1954) - Pondichéry (1765–1954) - Yanaon (1723–1954) I India
82%
U United States
82%
Malagasy Protectorate (1896-1960) M Madagascar
80%
Acadie (Acadia) (1604-1713) C Canada
79%
G Gabon
79%
G Gabon (1839-1960 as part of French Congo)
79%
Fort Caroline (1562-1565) U United States (Florida)
79%
U United States (Maine)
79%
Fort Saint-Louis (1685-1689) U United States (Texas)
79%
Saint-Croix (1650-1733) U United States (U.S. Virgin Islands)
79%
Saint-Domingue (1627-1804) H Haiti
77%
C Chad (1900-1960 as Tchad)
76%
G Gambia (1681-1857)
76%
C Central African Republic (1905-1960 as Oubangui-Chari)
75%
Sainte-Lucie (1650-1723, 1756-1778, 1784-1803) S Saint Lucia
75%
Congo français (French Congo) (1875-1960) C Central African Republic
73%
Haute-Volta (Upper Volta) (1896-1960) B Burkina Faso
72%
Soudan français (French Sudan) (1883-1960) M Mali
72%
R Republic of the Congo
70%
Colonie du Dahomey et dépendences (French Dahomey) (1883-1960) B Benin
66%
- Amapá (1897)- France équinoxiale (Equinoctial France) (1610-1615) - France antarctique (Antarctic France) (1555-1567) - Ibiapaba (1590-1604) - Île Delphine (Delphine Island) (1736-1737) - Île Saint-Alexis (Island of St. Alexis) (1531) B Brazil
62%
Îles Malouines (1504, 1701, 1764-1767) U United Kingdom (Falkland Islands)
62%
R Republic of the Congo (1875-1960 as part of French Congo)
59%
Territoire français des Affars et des Issas (Territory of the Affars and the Issas) (1967-1977) D Djibouti
58%
Fezzan-Ghadames Military Territory (1943-1951) L Libya
58%
Isle de France (1715-1810) M Mauritius
54%
Rivières du Sud (1882-1891) G Guinea
45%
Tapanahoni (1814) S Suriname
34%
Basilian (1845) P Philippines
32%
No matching quizzes found
Score Distribution
Percent of People with Each Score
Percentile by Number Answered
Your Score History
You have not taken this quiz